000 00294nam a22001337a 4500
008 210521b ||||| |||| 00| 0 eng d
041 _aeng
080 _a61
082 _a61
100 _a4
101 _aSHM
245 _aTheory and Practice of Brief Therapy
_cBudman,S.H
942 _2udc
_cBK
999 _c57604
_d57604